• 首页
  • 本馆介绍
  • 公告通知
  • 最新文献
  • 馆藏检索
  • 电子资源
  • 读者导购
  • 参考咨询
  • 我的图书馆
  • 登录
  • 详细信息显示
  • 放入我的书架
  • 预约/预借图书
  • 作者相关作品
  • 分类相关作品
  • 丛书相关作品
  • 出版社相关作品

书目信息

  • 表格格式
  • 工作单格式
  • 卡片格式
题名:
政治经济学批判大纲
    
 
作者: 马克思 著 ;刘潇然 译
分册: 第二分册  
出版信息: 北京   人民出版社  1975
页数: 195页
开本: 21cm
丛书名:
单 册:
中图分类: A122
科图分类:
主题词: 马克思主义政治经济学 , 政治经济学-马克思著作 , 马克思著作-政治经济学
电子资源:
ISBN:
000 00761nam0 2200265 45
001 0175004221
005 20060726112520.75
010    @dCNY0.39
100    @a19950724d1975 em y0chiy0121 ea
101 0  @achi
102    @aCN@b110000
105    @ay z 000yy
200 10 @a政治经济学批判大纲@Azheng zhi jing ji xue pi pan da gang@e草稿@h第二分册@h1857-1858@f马克思著@g刘潇然译
210    @a北京@c人民出版社@d1975
215    @a195页@d21cm
320    @a附录:1850-1859
606    @a马克思主义政治经济学
606    @a政治经济学-马克思著作
606    @a马克思著作-政治经济学
690    @aA122@v3
701  1 @a马克思@Ama ke si@bK.@4著
702  0 @a刘潇然@Aliu xiao ran@4译
801  2 @aCN@bNLC@c20060726
801  0 @aCN@bTSSF
905    @a10447@dA122@e32
    
    政治经济学批判大纲:草稿.第二分册.1857-1858/马克思著/刘潇然译.-北京:人民出版社,1975
    195页;21cm
    
    
    ISBN :CNY0.39
    
●
相关链接 在E读中查询图书 在五车中查询图书 在当当中查询图书 在豆瓣中查询图书


正题名:政治经济学批判大纲     索取号:A122/32         预约/预借

序号 登录号 条形码 馆藏地/架位号 状态 备注
1 0426591   204265918   密集书库/ [索取号:A122/32] 在馆    
唐山师范学院图书馆 欢迎您!
大连网信软件有限公司© 版权所有